000 00982nac a22002411u 4500
010 _a00710439
020 _a0750642572
035 _a(OCoLC)ocm43338193
082 0 0 _a658.5
_bB87717
090 _c1077
_d1077
100 _a20080729
245 0 0 _aStrategic operations management /
_cSteve Brown... [et al.].
260 _aOxford ;
_aBoston :
_bButterworth-Heinemann,
_c2000.
300 _a286 p. :
_bill. ;
_c25 cm.
504 _aIncludes bibliographical references and index.
650 0 _aProduction management.
650 0 _aStrategic planning.
700 1 _aBrown, Steve,
_d1957-
856 4 2 _3Publisher description
_uhttp://www.loc.gov/catdir/description/els031/00710439.html
856 4 2 _3Table of contents
_uhttp://www.loc.gov/catdir/toc/els031/00710439.html
942 _cBB
_k658.5B87717
999 _c1077
_d1077